Basic concepts of physics /

שמור ב:
מידע ביבליוגרפי
מחבר ראשי: Beiser, Arthur
פורמט: Sách giấy
שפה:English
יצא לאור: Reading, Mass., Addison-Wesley Pub. Co., [c1972]
סדרה:Addison-Wesley series in physics
תגים: הוספת תג
אין תגיות, היה/י הראשונ/ה לתייג את הרשומה!
Thư viện lưu trữ: Thư viện Trường Đại học Đà Lạt
LEADER 00608nam a2200241 4500
001 DLU040029608
005 ##11/2/1998
041 # # |a eng 
082 # # |a 530  |b BE-A 
100 # # |a Beiser, Arthur 
245 # # |a Basic concepts of physics /  |c Arthur Beiser 
260 # # |a Reading, Mass.,  |b Addison-Wesley Pub. Co.,  |c [c1972] 
300 # # |a viii, 430 p.,  |b illus.;  |c 24 cm 
490 # # |a Addison-Wesley series in physics 
992 # # |a 8800 
994 # # |a DLU 
900 # # |a True 
911 # # |a Thái Thị Thanh Thủy 
925 # # |a G 
926 # # |a A 
927 # # |a SH 
980 # # |a Thư viện Trường Đại học Đà Lạt